| 000 | 00482nam a22001817a 4500 | ||
|---|---|---|---|
| 003 | CEME | ||
| 005 | 20210628203402.0 | ||
| 008 | 210305b xxu||||| |||| 00| 0 eng d | ||
| 020 | _a0-333-54142-1 | ||
| 040 | _c. | ||
| 082 | _a808.84 SUR | ||
| 100 |
_aReid, Su _965119 |
||
| 245 | _aMrs dalloway and to the lighthouse, virginia woolf | ||
| 260 |
_aLONDON _bMACMILLAN PRESS _c1993 |
||
| 300 | _aIX,168P | ||
| 650 |
_aENGLISH LITERATURE-CRITICAL ESSAYS _923796 |
||
| 942 |
_cBK _2ddc |
||
| 999 |
_c573426 _d573426 |
||